000 00501nam a2200181Ia 4500
005 20250923144254.0
008 008 250917s9999 xx 000 0 eng d
037 _aTextual
040 _aDSWL
_beng
_cDSWL
041 _aeng
_2eng
084 _aS8, H4
_qDSWL
100 _aYoung, Kimlal
_9823081
245 0 _aSocial psychology
_cby Kimlal Young
260 _aNew York
_b Appleton-Century
_c1944
300 _a578 p.
942 _cTEXL
_hS8, H4
999 _c1436857
_d1436857